| 000 | 01314nam a2200277 i 4500 | ||
|---|---|---|---|
| 001 | 99416 | ||
| 003 | ES-MaACL | ||
| 005 | 20251103121241.0 | ||
| 007 | t| | ||
| 008 | 050908s1910 ag ||||1| spa d | ||
| 080 | _a37(82)(083.41) | ||
| 100 | 1 |
_aMartínez, Alberto B. _977712 |
|
| 245 | 1 | 0 |
_aCenso general de educación _b: levantado el 23 de mayo de 1909 durante la presidencia del Dr. José Figueroa Alcorta siendo Ministro de Justicia e Instrucción Pública el Dr. Rómulo S. Naón / _cpor Alberto B. Martínez. |
| 260 |
_aBuenos Aires : _bOficina Meteorológica Argentina, _c1910. |
||
| 300 |
_a3 v. : _bil. ; _c27 cm. |
||
| 505 | 8 | _aContiene: t. 1. Población escolar (XLIII, 448 p.) -- t. 2. Estadística escolar (LXXI, 343 p.) -- t. 3. Monografías (702 p.) | |
| 530 | _aDisponible también en sitio web. | ||
| 594 | _aPrecede al título: República Argentina. | ||
| 610 | 2 |
_aUniversidad Nacional de La Plata. _97422 |
|
| 650 | 4 |
_aEnseñanza- _zArgentina- _vEstadísticas. _9149143 |
|
| 852 |
_aES-MaACL _jG-6579-82 _cDEPO2 _q+ 1 sobre con (La Universidad de La Plata y sus anexos 6 hojas plegadas de fotos) |
||
| 852 |
_aES-MaACL _jC-13358-60 _cSPAL |
||
| 856 | 4 |
_uhttp://bdh-rd.bne.es/viewer.vm?id=0000008555&page=1 _yIr a la página |
|
| 942 | _2udc | ||
| 999 |
_c99416 _d99416 |
||